| 000 | 00766nam a22002057a 4500 | ||
|---|---|---|---|
| 999 |
_c16932 _d16932 |
||
| 003 | AR-CdUCM | ||
| 008 | 190506b ||||| |||| 00| 0 spa d | ||
| 040 |
_aMUNICIPALIDAD PROVINCIAL DEL CUSCO _cBIBLIOTECA MUNICIPAL DEL CUSCO |
||
| 082 |
_a759.06 / _bC54 |
||
| 100 |
_aCirlot, Juan Eduardo _936687 |
||
| 245 | _aLa pintura cubista y sus derivaciones / | ||
| 260 |
_aBarcelona : _bOmega, _c1959. |
||
| 300 |
_a54 paginas : _b49 laminas, _c23 cm. |
||
| 505 | _aContenido :Evolución de la pintura occidental --Del impresionismo al fauvismo -- La obra de Paul Cezanne --Génesis del cubismo --La fraces del cubismo en Picaso / | ||
| 650 |
_aCubismo _911301 |
||
| 650 |
_aArte _9561 |
||
| 650 |
_aPintura _93081 |
||
| 942 |
_2ddc _cLIBROS |
||
| 945 |
_arjall _d2019-05-06 |
||